| 000 | 01336nam a2200277 a 4500 | ||
|---|---|---|---|
| 003 | BLK | ||
| 005 | 20250110131942.0 | ||
| 008 | 200117b bu |||||r|||| 00| | bu d | ||
| 020 | _a9786197753059 | ||
| 040 | _aBLK | ||
| 041 |
_aBUL _cBUL |
||
| 080 |
_aФилософски мистицизъм. Ранни езотерични школи. Кабала. Теософия. Антропософия. Суфизъм. Еклектизъм. Синкретизъм. Херметизъм. Розенкройцерство. Др. школи _b141.33 _z141.33 |
||
| 080 |
_aНехристиянски религии. Митология. Различни култове _b29 _z29 |
||
| 100 |
_aДънов, Петър Константинов _9244373 |
||
| 139 |
_aДънов, Петър _bД 95 |
||
| 245 |
_aЧовекът - господар на себе си _cиз Словото на Учителя Петър Дънов |
||
| 260 |
_9391418 _aВарна _bСветът на книгите _c2024 |
||
| 300 |
_a312 с. _c20 см |
||
| 380 | _a1 | ||
| 504 | _aБиблиогр.: с. 240-253 | ||
| 650 | 7 |
_9153927 _aДъновизъм |
|
| 650 | 0 |
_9436404 _aЕзотерика |
|
| 650 | 7 |
_9164936 _aОкултизъм |
|
| 942 |
_cKNG _n0 _s1 _06 |
||
| 999 |
_c507960 _d507960 |
||
| 944 |
_a30545 _cНора Радева _k30576 _lЦветомила Тодорова |
||